| 000 | 00403nam a22001217a 4500 | ||
|---|---|---|---|
| 082 | _a220 PRO | ||
| 100 |
_aNS WAJIHA JAVED NS KAINAAT AMJID NS WARDA AHMED _970622 |
||
| 245 | _aPR-SOF-1832-INTELLIGENT LEGAL ADVISOR USING NATURAL LANGUAGE PROCESSING | ||
| 260 |
_aISLAMABAD _bNUST COLLEGE OF EME _c2019 |
||
| 650 |
_aDE-COMP-37 _970623 |
||
| 700 |
_aSUPERVISOR DR. WASI HAIDER BUTT _969491 |
||
| 942 | _cCR | ||
| 999 |
_c577573 _d577573 |
||